Bezpečnosť práce pri zváraní elektrickým prúdom /

Salvato in:
Dettagli Bibliografici
Autore principale: Frič, Helmut (Autore)
Natura: Libro
Lingua:slovacco
Pubblicazione: Bratislava : Práca, 1984
Soggetti:
Tags: Aggiungi Tag
Nessun Tag, puoi essere il primo ad aggiungerne!!

MARC

LEADER 00000nam a22000003a 4500
001 stu36262
005 20150617225726.3
008 920529s1984----cs------------------slo-d
040 |a STU  |b slo 
041 0 |a slo 
044 |a cs 
080 |a 621.791 
080 |a 331.823 
100 1 |a Frič, Helmut  |4 aut 
245 1 |a Bezpečnosť práce pri zváraní elektrickým prúdom /  |c [aut.]Helmut Frič 
260 |a Bratislava :  |b Práca,  |c 1984 
300 |a 205 s 
650 7 |a BOZ  |2 stusub 
650 7 |a zváranie  |2 stusub 
996 |b 284M035562  |c M*2057-1  |l MMKN  |s A  |a 24  |w stu36262_0001